A Igreja em Angola e o crime de branqueamento de capitais (Record no. 2169)
[ view plain ]
| 000 -Etiqueta do registo | |
|---|---|
| Campo de controlo de comprimento fixo | 00555 a2200193 4500 |
| 020 ## - ISBN (NÚMERO DE LIVRO PADRÃO INTERNACIONAL) | |
| ISBN | 978-989-53984-6-1 |
| 040 ## - Fonte de Catalogação | |
| Agência de catalogação | Biblioteca de Posgraduação- Universidade Lusíada de Angola |
| 082 ## - DEWEY DECIMAL CLASSIFICATION NUMBER | |
| Classificador- CDU | 343.2/CAL/I |
| Prateleira/Colocação | 1 |
| 100 ## - Nome Pessoal | |
| 9 (RLIN) | 994 |
| Autor | CALENGE, Jonas |
| 245 ## - Declaração de Título | |
| Título | A Igreja em Angola e o crime de branqueamento de capitais |
| Complemento de título | Notas sobre a imputação penal dos entes colectivos |
| 250 ## - Indicação da edição | |
| Edição | 1ª Edição |
| 260 ## - Publicação e Destribuíção | |
| Editor/distribuidor | FACUL Editora |
| Data de edição/distribuição | Junho/2024 |
| 300 ## - Descrição Física | |
| Nº Pág. | 165p. |
| 600 #0 - Nome pessoal | |
| Autor | CALENGE, Jonas |
| 650 ## - MATERIA | |
| MATERIA | Direito penal em geral |
| 700 ## - Entrada secundária - Nome pessoal | |
| Autor | Jonas Calenge |
| 942 ## - - Elementos de entrada adicionados (koha) | |
| Tipo de documento | Livros |
| Withdrawn status | Lost status | Source of classification or shelving scheme | Damaged status | Not for loan | Permanent Location | Current Location | Date acquired | Total Checkouts | Full call number | Date last seen | Price effective from | Koha item type |
|---|---|---|---|---|---|---|---|---|---|---|---|---|
| Dewey Decimal Classification | Biblioteca de Posgraduação- Universidade Lusíada de Angola | Biblioteca de Posgraduação- Universidade Lusíada de Angola | 09/02/2026 | 343.2/CAL/I | 09/02/2026 | 09/02/2026 | Livros |
